Discovery Science 22nd International Conference, DS 2019, Split, Croatia, October 28-30, 2019, Proceedings /

This book constitutes the proceedings of the 22nd International Conference on Discovery Science, DS 2019, held in Split, Coratia, in October 2019. The 21 full and 19 short papers presented together with 3 abstracts of invited talks in this volume were carefully reviewed and selected from 63 submissi...

Full description

Bibliographic Details
Corporate Author: SpringerLink (Online service)
Other Authors: Kralj Novak, Petra (Editor, http://id.loc.gov/vocabulary/relators/edt), Šmuc, Tomislav (Editor, http://id.loc.gov/vocabulary/relators/edt), Džeroski, Sašo (Editor, http://id.loc.gov/vocabulary/relators/edt)
Format: Electronic eBook
Language:English
Published: Cham : Springer International Publishing : Imprint: Springer, 2019.
Edition:1st ed. 2019.
Series:Lecture Notes in Artificial Intelligence ; 11828
Subjects:
Online Access:Full Text via HEAL-Link
LEADER 03752nam a2200577 4500
001 978-3-030-33778-0
003 DE-He213
005 20191026051248.0
007 cr nn 008mamaa
008 191018s2019 gw | s |||| 0|eng d
020 |a 9783030337780  |9 978-3-030-33778-0 
024 7 |a 10.1007/978-3-030-33778-0  |2 doi 
040 |d GrThAP 
050 4 |a Q334-342 
072 7 |a UYQ  |2 bicssc 
072 7 |a COM004000  |2 bisacsh 
072 7 |a UYQ  |2 thema 
082 0 4 |a 006.3  |2 23 
245 1 0 |a Discovery Science  |h [electronic resource] :  |b 22nd International Conference, DS 2019, Split, Croatia, October 28-30, 2019, Proceedings /  |c edited by Petra Kralj Novak, Tomislav Šmuc, Sašo Džeroski. 
250 |a 1st ed. 2019. 
264 1 |a Cham :  |b Springer International Publishing :  |b Imprint: Springer,  |c 2019. 
300 |a XXII, 546 p. 222 illus., 148 illus. in color.  |b online resource. 
336 |a text  |b txt  |2 rdacontent 
337 |a computer  |b c  |2 rdamedia 
338 |a online resource  |b cr  |2 rdacarrier 
347 |a text file  |b PDF  |2 rda 
490 1 |a Lecture Notes in Artificial Intelligence ;  |v 11828 
505 0 |a Advanced Machine Learning -- Applications -- Data and Knowledge Representation -- Feature Importance -- Interpretable Machine Learning -- Networks -- Pattern Discovery -- Time Series. 
520 |a This book constitutes the proceedings of the 22nd International Conference on Discovery Science, DS 2019, held in Split, Coratia, in October 2019. The 21 full and 19 short papers presented together with 3 abstracts of invited talks in this volume were carefully reviewed and selected from 63 submissions. The scope of the conference includes the development and analysis of methods for discovering scientific knowledge, coming from machine learning, data mining, intelligent data analysis, big data analysis as well as their application in various scientific domains. The papers are organized in the following topical sections: Advanced Machine Learning; Applications; Data and Knowledge Representation; Feature Importance; Interpretable Machine Learning; Networks; Pattern Discovery; and Time Series. 
650 0 |a Artificial intelligence. 
650 0 |a Data mining. 
650 0 |a Computers. 
650 0 |a Optical data processing. 
650 0 |a Software engineering. 
650 1 4 |a Artificial Intelligence.  |0 http://scigraph.springernature.com/things/product-market-codes/I21000 
650 2 4 |a Data Mining and Knowledge Discovery.  |0 http://scigraph.springernature.com/things/product-market-codes/I18030 
650 2 4 |a Theory of Computation.  |0 http://scigraph.springernature.com/things/product-market-codes/I16005 
650 2 4 |a Computer Imaging, Vision, Pattern Recognition and Graphics.  |0 http://scigraph.springernature.com/things/product-market-codes/I22005 
650 2 4 |a Software Engineering/Programming and Operating Systems.  |0 http://scigraph.springernature.com/things/product-market-codes/I14002 
700 1 |a Kralj Novak, Petra.  |e editor.  |0 (orcid)0000-0003-3385-6430  |1 https://orcid.org/0000-0003-3385-6430  |4 edt  |4 http://id.loc.gov/vocabulary/relators/edt 
700 1 |a Šmuc, Tomislav.  |e editor.  |0 (orcid)0000-0002-9185-9384  |1 https://orcid.org/0000-0002-9185-9384  |4 edt  |4 http://id.loc.gov/vocabulary/relators/edt 
700 1 |a Džeroski, Sašo.  |e editor.  |4 edt  |4 http://id.loc.gov/vocabulary/relators/edt 
710 2 |a SpringerLink (Online service) 
773 0 |t Springer eBooks 
776 0 8 |i Printed edition:  |z 9783030337773 
776 0 8 |i Printed edition:  |z 9783030337797 
830 0 |a Lecture Notes in Artificial Intelligence ;  |v 11828 
856 4 0 |u https://doi.org/10.1007/978-3-030-33778-0  |z Full Text via HEAL-Link 
912 |a ZDB-2-SCS 
912 |a ZDB-2-LNC 
950 |a Computer Science (Springer-11645)